| 000 | 00000nam##2200000za#4500 |
| 001 | 9.577249 |
| 003 | CaOODSP |
| 005 | 20210624185525 |
| 007 | cr ||||||||||| |
| 008 | 150406|1995||||xxc|||||o f|0| 0 eng|d |
| 040 | |aCaOODSP|beng |
| 043 | |an-cn--- |
| 086 | 1 |aFs97-13/967E-PDF |
| 110 | 1 |aCanada. |bDepartment of Fisheries and Oceans. |
| 245 | 10|aLake variation and climate change study - Crustacean plankton of a lake size series in the Red Lake District, Northwest Ontario, 1991 - 1993 and Lakes Nipigon and Superior, 1991 / |h[electronic resource]|cby A.G. Salki. |
| 260 | |aWinnipeg - Manitoba : |bFisheries and Oceans Canada |c1995. |
| 300 | |a72p.|bfigs., references, tables |
| 490 | 1 |aCanadian data report of fisheries and aquatic sciences|vNo. 967 |
| 500 | |aOn t.p.: Central and Arctic Region, Winnipeg, Manitoba. The catalogue number and ISSN for the print edition appear in the PDF version. |
| 546 | |a(Résumé en français) |
| 590 | |a13-20-Supp|b2013-08-30 |
| 720 | 1 |aSalki, A. G. |
| 830 | #0|aCanadian data report of fisheries and aquatic sciences ;|vNo. 967|w(CaOODSP)9.505124 |
| 856 | 40|ahttp://publications.gc.ca|qPDF|s2135 KB|uhttps://publications.gc.ca/collections/collection_2013/mpo-dfo/Fs97-13-967-eng.pdf|yNo. 967 |